[Event "AUT-chT2O 1213"]
[Site "Austria"]
[Date "2012.12.01"]
[Round "5.3"]
[White "Janetschek, Karl"]
[Black "Vitouch, Anatol"]
[Result "1-0"]
[WhiteElo "2257"]
[BlackElo "2338"]
[PlyCount "41"]
[EventDate "2012.10.06"]
[EventType "team-tourn"]
[EventRounds "11"]
[EventCountry "AUT"]
[SourceTitle "EXT 2014"]
[Source "ChessBase"]
[SourceDate "2013.11.20"]
[SourceVersion "1"]
[SourceVersionDate "2013.11.20"]
[SourceQuality "1"]
[WhiteTeam "Hietzing"]
[BlackTeam "Pamhagen"]
[WhiteTeamCountry "AUT"]
[BlackTeamCountry "AUT"]

1. e4 e6 2. d4 d5 3. Nd2 Nf6 4. e5 Nfd7 5. Bd3 c5 6. c3 b6 7. Qe2 cxd4 8. cxd4 Nc6 9. Ngf3 Nb4 10. 0-0 Nxd3 11. Qxd3 a5 12. Rd1 Ba6 13. Qe3 Be7 14. Nf1 Bxf1 15. Kxf1 0-0 16. Bd2 b5 17. Qe1 Qb6 18. Rac1 Nb8 19. Rc2 Nc6 20. Rdc1 Nxd4 21. Qe3 1-0

[Event "Niederoesterreich Landesliga 1011"]
[Site "Austria"]
[Date "2011.03.06"]
[Round "11"]
[White "Sadilek, Maximilian"]
[Black "Janetschek, Karl"]
[Result "1/2-1/2"]
[WhiteElo "2183"]
[BlackElo "2241"]
[PlyCount "87"]
[EventDate "2010.09.12"]
[EventType "team-tourn"]
[EventRounds "13"]
[EventCountry "AUT"]
[SourceTitle "EXT 2022"]
[Source "ChessBase"]
[SourceDate "2021.10.06"]
[SourceVersion "1"]
[SourceVersionDate "2021.10.06"]
[SourceQuality "1"]

1. e4 e5 2. Nf3 Nc6 3. Bc4 Bc5 4. b4 Bb6 5. a4 a6 6. Nc3 Nf6 7. d3 d6 8. Nd5 Nxd5 9. exd5 Ne7 10. d4 e4 11. Ng5 Nf5 12. Nxe4 Bxd4 13. c3 Bf6 14. 0-0 0-0 15. Ra2 Be7 16. Re2 Nh4 17. Qc2 Bf5 18. Bd3 Qd7 19. c4 Bxe4 20. Rxe4 Ng6 21. Bb2 Rfe8 22. Rfe1 Bf8 23. g3 Rxe4 24. Rxe4 Re8 25. Kg2 h6 26. Rxe8 Qxe8 27. Bxg6 fxg6 28. b5 Kh7 29. h4 h5 30. Qd3 axb5 31. axb5 b6 32. Qe3 Qxe3 33. fxe3 Be7 34. e4 Bf6 35. Bc1 Kg8 36. Kf3 Kf7 37. Be3 Ke7 38. Bg5 Kf7 39. Kf4 Be5+ 40. Kf3 Ke8 41. Bf4 Bd4 42. g4 Kd7 43. Bg5 Be5 44. Be3 1/2-1/2

[Event "Niederoesterreich Landesliga 0910"]
[Site "Austria"]
[Date "2010.04.11"]
[Round "11"]
[White "Weinzettl, Ernst"]
[Black "Janetschek, Karl"]
[Result "1/2-1/2"]
[WhiteElo "2276"]
[BlackElo "2250"]
[PlyCount "67"]
[EventDate "2009.09.06"]
[EventType "team-tourn"]
[EventRounds "11"]
[EventCountry "AUT"]
[SourceTitle "EXT 2022"]
[Source "ChessBase"]
[SourceDate "2021.10.06"]
[SourceVersion "1"]
[SourceVersionDate "2021.10.06"]
[SourceQuality "1"]

1. e4 e5 2. Nf3 Nc6 3. Bc4 Bc5 4. 0-0 Nf6 5. d4 exd4 6. e5 d5 7. exf6 dxc4 8. Re1+ Be6 9. fxg7 Rg8 10. Bg5 Be7 11. Bxe7 Qxe7 12. Nxd4 Rd8 13. c3 Rxg7 14. Nxe6 Rxd1 15. Nxg7+ Kf8 16. Rxd1 Kxg7 17. Kf1 Ne5 18. Rd4 f5 19. Na3 Ng4 20. h3 Qh4 21. Rd2 Nh2+ 22. Ke1 Qe4+ 23. Kd1 Qxg2 24. Kc1 Nf3 25. Rd1 Ne5 26. b3 Nd3+ 27. Kc2 Qe4 28. Rd2 Nxf2+ 29. Kb2 Nd3+ 30. Kc2 Ne1+ 31. Kb2 b5 32. Nxb5 Nd3+ 33. Kc2 Nc5+ 34. Kb2 1/2-1/2

[Event "Niederoesterreich Landesliga 0910"]
[Site "Austria"]
[Date "2010.03.14"]
[Round "10"]
[White "Weissenbeck, Manuel"]
[Black "Janetschek, Karl"]
[Result "1/2-1/2"]
[WhiteElo "2218"]
[BlackElo "2250"]
[PlyCount "145"]
[EventDate "2009.09.06"]
[EventType "team-tourn"]
[EventRounds "11"]
[EventCountry "AUT"]
[SourceTitle "EXT 2022"]
[Source "ChessBase"]
[SourceDate "2021.10.06"]
[SourceVersion "1"]
[SourceVersionDate "2021.10.06"]
[SourceQuality "1"]

1. d4 e6 2. Nf3 c5 3. c4 cxd4 4. Nxd4 Nf6 5. Nc3 d5 6. cxd5 Nxd5 7. Ndb5 Bd7 8. e4 Nxc3 9. bxc3 Bc6 10. Qxd8+ Kxd8 11. Be3 b6 12. f3 Nd7 13. 0-0-0 Kc8 14. Be2 Bc5 15. Nd6+ Bxd6 16. Rxd6 Kc7 17. Rhd1 Rhe8 18. Bc4 Re7 19. e5 Nxe5 20. Bf4 f6 21. Bxe6 Rae8 22. Bf5 g6 23. Bc2 Re6 24. R6d4 R6e7 25. h4 Kb7 26. Bb3 Nd7 27. Rd6 f5 28. Bg3 Nc5 29. Bc4 Rd7 30. Rxd7+ Bxd7 31. Rd6 Be6 32. Bb5 Rc8 33. a4 a6 34. Be2 Rc6 35. Rd8 Nxa4 36. Rh8 b5 37. Rxh7+ Kb6 38. Bf2+ Ka5 39. Be1 Nxc3 40. Bd3 b4 41. Kb2 Na4+ 42. Kb1 Nc5 43. Bc2 Bb3 44. h5 Bxc2+ 45. Kxc2 gxh5 46. Rxh5 Ka4 47. Rxf5 Ka3 48. Rd5 a5 49. g4 Ka2 50. Kd1 b3 51. Bc3 b2 52. Bxb2 Kxb2 53. g5 a4 54. g6 Rxg6 55. Rxc5 Rd6+ 56. Ke2 Rd4 57. Rb5+ Kc3 58. Ra5 Kb4 59. Ra8 a3 60. Ke3 Rd5 61. f4 Ra5 62. Rb8+ Rb5 63. Ra8 Kb3 64. Ke4 Rb4+ 65. Ke5 Ra4 66. Rb8+ Kc2 67. Rc8+ Kd2 68. Rh8 a2 69. Rh2+ Ke3 70. Rh3+ Kf2 71. Rh1 a1Q+ 72. Rxa1 Rxa1 73. f5 1/2-1/2

[Event "Niederoesterreich Landesliga 0910"]
[Site "Austria"]
[Date "2010.01.10"]
[Round "7"]
[White "Sandhoefner, Florian"]
[Black "Janetschek, Karl"]
[Result "1/2-1/2"]
[WhiteElo "2213"]
[BlackElo "2250"]
[PlyCount "69"]
[EventDate "2009.09.06"]
[EventType "team-tourn"]
[EventRounds "11"]
[EventCountry "AUT"]
[SourceTitle "EXT 2022"]
[Source "ChessBase"]
[SourceDate "2021.10.06"]
[SourceVersion "1"]
[SourceVersionDate "2021.10.06"]
[SourceQuality "1"]

1. e4 e5 2. Nf3 Nc6 3. d4 exd4 4. Nxd4 Bc5 5. Be3 Qf6 6. c3 Nge7 7. Bc4 0-0 8. 0-0 Qg6 9. Nxc6 Qxc6 10. Bxc5 Qxc5 11. Qd3 d6 12. Nd2 Nc6 13. Nb3 Qb6 14. Qg3 a5 15. Rab1 a4 16. Nd2 Ne5 17. Kh1 Nxc4 18. Nxc4 Qc6 19. Nd2 Be6 20. b3 axb3 21. axb3 Ra2 22. Qe3 f5 23. exf5 Bxf5 24. Ra1 Qa6 25. Rxa2 Qxa2 26. c4 Qb2 27. f3 h6 28. h3 Ra8 29. Rf2 Ra2 30. Kh2 Qc1 31. f4 Bd7 32. f5 Bxf5 33. Qe8+ Kh7 34. Ne4 Rxf2 35. Nf6+ 1/2-1/2

[Event "Niederoesterreich Landesliga 0910"]
[Site "Austria"]
[Date "2009.12.13"]
[Round "6"]
[White "Woeber, Friedrich"]
[Black "Janetschek, Karl"]
[Result "1/2-1/2"]
[WhiteElo "2158"]
[BlackElo "2250"]
[PlyCount "56"]
[EventDate "2009.09.06"]
[EventType "team-tourn"]
[EventRounds "11"]
[EventCountry "AUT"]
[SourceTitle "EXT 2022"]
[Source "ChessBase"]
[SourceDate "2021.10.06"]
[SourceVersion "1"]
[SourceVersionDate "2021.10.06"]
[SourceQuality "1"]

1. e4 c5 2. Nf3 Nc6 3. d4 cxd4 4. Nxd4 Nf6 5. Nc3 d6 6. Bg5 e6 7. Qd2 a6 8. 0-0-0 Qc7 9. Be2 Bd7 10. Bxf6 gxf6 11. Bh5 Qa5 12. Qe2 Qg5+ 13. Kb1 Qxg2 14. Nf5 exf5 15. exf5+ Kd8 16. Qe3 Qg5 17. Qb6+ Ke8 18. Nd5 Be7 19. Rhe1 Kf8 20. Nxe7 Qxh5 21. Qxb7 Nxe7 22. Qxd7 Re8 23. Qxd6 Rg8 24. Rd3 Rg2 25. Rde3 Qxh2 26. Qxf6 Rg1 27. Qh8+ Rg8 28. Qf6 Rg1 1/2-1/2

[Event "EU-chT Seniors 11th"]
[Site "Velden"]
[Date "2009.04.05"]
[Round "1"]
[White "Janetschek, Karl"]
[Black "Denda, Ronald"]
[Result "1-0"]
[WhiteElo "2267"]
[BlackElo "2066"]
[PlyCount "83"]
[EventDate "2009.04.05"]
[EventType "team-swiss"]
[EventRounds "9"]
[EventCountry "AUT"]
[SourceTitle "CBM 129 Extra"]
[Source "ChessBase"]
[SourceDate "2009.05.05"]
[SourceVersion "2"]
[SourceVersionDate "2009.05.20"]
[SourceQuality "1"]

1. e4 e5 2. Nf3 Nc6 3. Bb5 Nf6 4. 0-0 Nxe4 5. d4 Be7 6. d5 Nd6 7. Be2 e4 8. dxc6 exf3 9. cxb7 Bxb7 10. Bxf3 0-0 11. Nc3 Bxf3 12. Qxf3 c6 13. Qd3 Ne8 14. Be3 d5 15. Na4 Qa5 16. b3 Nf6 17. Rad1 Rfd8 18. Rfe1 Rd7 19. Bd4 Rad8 20. Qe3 h6 21. c3 Kf8 22. f3 Kg8 23. Qf2 Nh5 24. g3 Nf6 25. Re2 Kh7 26. Rde1 Ng8 27. Qe3 Bf6 28. Nc5 Rc7 29. a4 Bxd4 30. Qxd4 Qb6 31. Kf2 Rcc8 32. b4 a5 33. bxa5 Qa7 34. Rb1 Re8 35. Rb7 Qxa5 36. Rxf7 Nf6 37. Ne6 Rxe6 38. Rxe6 Kg8 39. Rxg7+ Kxg7 40. Qxf6+ Kg8 41. Qg6+ Kf8 42. Rf6+ 1-0

[Event "AUT-chT2O 0809"]
[Site "Austria"]
[Date "2009.01.17"]
[Round "6.5"]
[White "Galavics, Hermann"]
[Black "Janetschek, Karl"]
[Result "1/2-1/2"]
[WhiteElo "2017"]
[BlackElo "2267"]
[PlyCount "81"]
[EventDate "2008.10.03"]
[EventType "team-tourn"]
[EventRounds "11"]
[EventCountry "AUT"]
[SourceTitle "EXT 2010"]
[Source "ChessBase"]
[SourceDate "2010.11.25"]
[SourceVersion "1"]
[SourceVersionDate "2010.11.25"]
[SourceQuality "1"]
[WhiteTeam "Lackenbach"]
[BlackTeam "Zwettl"]
[WhiteTeamCountry "AUT"]
[BlackTeamCountry "AUT"]

1. d4 e6 2. c4 Nf6 3. Nf3 Bb4+ 4. Bd2 a5 5. g3 b6 6. Bg2 Bb7 7. Nc3 0-0 8. 0-0 d6 9. Rc1 Nbd7 10. a3 Bxc3 11. Bxc3 Ne4 12. Nd2 Nxc3 13. Rxc3 Bxg2 14. Kxg2 f5 15. e3 Nf6 16. b4 axb4 17. axb4 Ra2 18. Rc2 Qa8+ 19. Kg1 Qa4 20. Rxa2 Qxa2 21. Qc1 h6 22. Rd1 Ra8 23. b5 e5 24. c5 exd4 25. exd4 dxc5 26. dxc5 Rd8 27. cxb6 cxb6 28. Nf3 Rxd1+ 29. Qxd1 Qd5 30. Qxd5+ Nxd5 31. Nh4 f4 32. gxf4 Kf7 33. Kg2 Nc3 34. Nf3 Ke6 35. Nd4+ Kd5 36. Nf5 Nxb5 37. Nxg7 Nd6 38. Kf3 b5 39. Ke3 b4 40. Kd3 b3 41. Kc3 1/2-1/2

[Event "Niederoesterreich Landesliga 0809"]
[Site "Austria"]
[Date "2008.12.14"]
[Round "6"]
[White "Mahdy, Khaled"]
[Black "Janetschek, Karl"]
[Result "1/2-1/2"]
[WhiteElo "2388"]
[BlackElo "2244"]
[PlyCount "45"]
[EventDate "2008.09.28"]
[EventType "team-tourn"]
[EventRounds "11"]
[EventCountry "AUT"]
[SourceTitle "EXT 2022"]
[Source "ChessBase"]
[SourceDate "2021.10.06"]
[SourceVersion "1"]
[SourceVersionDate "2021.10.06"]
[SourceQuality "1"]

1. e4 c5 2. Nf3 e6 3. d4 cxd4 4. Nxd4 Nf6 5. Bd3 Nc6 6. Nxc6 dxc6 7. 0-0 e5 8. Nd2 Bc5 9. Nc4 Qc7 10. Qf3 Be6 11. Bg5 Nd7 12. a3 f6 13. Bd2 Nb6 14. Na5 Qf7 15. Bb4 Bxb4 16. axb4 0-0 17. Rfd1 Rad8 18. Bf1 Qe7 19. Qc3 Na4 20. Qa3 Nb6 21. Qc3 Na4 22. Qa3 Nb6 23. Qc3 1/2-1/2

[Event "Niederoesterreich Landesliga 0708"]
[Site "Austria"]
[Date "2008.02.24"]
[Round "9"]
[White "Wadsack, Wolfgang"]
[Black "Janetschek, Karl"]
[Result "0-1"]
[WhiteElo "2210"]
[BlackElo "2256"]
[PlyCount "112"]
[EventDate "2007.09.16"]
[EventType "team-tourn"]
[EventRounds "13"]
[EventCountry "AUT"]
[SourceTitle "EXT 2022"]
[Source "ChessBase"]
[SourceDate "2021.10.06"]
[SourceVersion "1"]
[SourceVersionDate "2021.10.06"]
[SourceQuality "1"]

1. e4 e5 2. Nc3 Bc5 3. Nf3 Nc6 4. Nxe5 Nxe5 5. d4 Bd6 6. dxe5 Bxe5 7. f4 Bxc3+ 8. bxc3 Qe7 9. Bd3 d5 10. 0-0 dxe4 11. Bxe4 Nf6 12. Bf3 0-0 13. Re1 Be6 14. Qd4 Rfd8 15. Qe5 Qd7 16. Be3 Ng4 17. Bxg4 Bxg4 18. Bd4 f6 19. Qe3 b6 20. h3 Bf5 21. Qg3 Kf7 22. Rad1 Qd6 23. Qf3 Qd5 24. Qg3 Qd6 25. Qf3 Re8 26. Be3 Qe6 27. Qb7 Qe4 28. Qxe4 Rxe4 29. g4 Rae8 30. Kf2 Bc8 31. Rd4 c5 32. Rxe4 Rxe4 33. a3 h5 34. gxh5 Bxh3 35. h6 gxh6 36. Rh1 Bf5 37. Rxh6 Re8 38. Rh1 Bxc2 39. Rc1 Bf5 40. Rd1 Rh8 41. Kg2 Ke6 42. c4 Be4+ 43. Kg3 Rg8+ 44. Kh3 Rg2 45. f5+ Ke5 46. Rf1 Rc2 47. Bf4+ Kd4 48. Kg4 Kxc4 49. Bb8 a6 50. Bc7 Bd3 51. Rf4+ Kb5 52. Bd8 Rg2+ 53. Kf3 Ra2 54. Bxf6 Rxa3 55. Bb2 Rb3 56. f6 Bg6+ 0-1

[Event "AUT-chT2O 0607"]
[Site "Austria"]
[Date "2007.04.15"]
[Round "11.2"]
[White "Plachetka, Jan"]
[Black "Janetschek, Karl"]
[Result "1-0"]
[WhiteElo "2402"]
[BlackElo "2289"]
[PlyCount "81"]
[EventDate "2006.10.06"]
[EventType "team-tourn"]
[EventRounds "11"]
[EventCountry "AUT"]
[SourceTitle "EXT 2007"]
[Source "ChessBase"]
[SourceDate "2006.11.23"]
[SourceVersion "1"]
[SourceVersionDate "2006.11.23"]
[SourceQuality "1"]
[WhiteTeam "Wien Austria"]
[BlackTeam "Zwettl"]
[WhiteTeamCountry "AUT"]
[BlackTeamCountry "AUT"]

1. d4 Nf6 2. c4 e6 3. Nc3 Bb4 4. e3 0-0 5. Bd3 d5 6. a3 Bxc3+ 7. bxc3 dxc4 8. Bxc4 c5 9. Ne2 Nc6 10. 0-0 e5 11. Ba2 Qc7 12. d5 Rd8 13. c4 e4 14. Qc2 Ne7 15. Ng3 Bf5 16. Bb2 Bg6 17. Rad1 Nc8 18. Bxf6 gxf6 19. Nxe4 Qe7 20. Bb1 Nd6 21. f3 f5 22. Nxd6 Qxe3+ 23. Qf2 Qxf2+ 24. Rxf2 Rxd6 25. Rb2 Rb6 26. Rdd2 f4 27. Be4 Kf8 28. Kf2 Rd8 29. Rxb6 axb6 30. d6 Rd7 31. Bxb7 f6 32. Bc6 Rd8 33. g3 fxg3+ 34. Kxg3 Bf5 35. Kf4 Be6 36. Bb5 Kf7 37. a4 Kf8 38. h4 Kf7 39. h5 h6 40. d7 Ke7 41. Re2 1-0

[Event "AUT-chT2O 0607"]
[Site "Austria"]
[Date "2007.03.11"]
[Round "9.2"]
[White "Neumeier, Klaus"]
[Black "Janetschek, Karl"]
[Result "1-0"]
[WhiteElo "2289"]
[BlackElo "2289"]
[PlyCount "79"]
[EventDate "2006.10.06"]
[EventType "team-tourn"]
[EventRounds "11"]
[EventCountry "AUT"]
[SourceTitle "EXT 2007"]
[Source "ChessBase"]
[SourceDate "2006.11.23"]
[SourceVersion "1"]
[SourceVersionDate "2006.11.23"]
[SourceQuality "1"]
[WhiteTeam "Eichgraben/Pressbaum"]
[BlackTeam "Zwettl"]
[WhiteTeamCountry "AUT"]
[BlackTeamCountry "AUT"]

1. e4 c5 2. Nf3 d6 3. Bb5+ Nd7 4. d4 cxd4 5. Qxd4 Ngf6 6. Nc3 e5 7. Qd3 h6 8. Be3 a6 9. Bc4 b5 10. Bb3 Bb7 11. a4 b4 12. Qc4 d5 13. Nxd5 Rc8 14. Qd3 Qa5 15. Nd2 Bxd5 16. exd5 Bc5 17. Nc4 Qc7 18. 0-0 0-0 19. a5 e4 20. Qd2 Ne5 21. d6 Nxc4 22. dxc7 Nxd2 23. Bxc5 Nxf1 24. Bxf8 Kxf8 25. Kxf1 Rxc7 26. Ra4 Rc5 27. Rxb4 Rxa5 28. Rb7 Nd5 29. Rd7 Ra1+ 30. Ke2 Nf4+ 31. Ke3 Nxg2+ 32. Kxe4 Re1+ 33. Kf3 Nh4+ 34. Kg4 Re4+ 35. f4 g5 36. Rxf7+ Ke8 37. Rf6 Ng2 38. Rxh6 Rxf4+ 39. Kxg5 Rf2 40. Rf6 1-0